000 00534nam a2200193 a 4500
001 17764
003 CO-ViMGA
008 141112s2004 ck r 000 u spa d
020 _a8484410439
040 _aCO-ViMGA
_bspa
_cCO-ViMGA
082 0 4 _aMERb
100 1 _aMerani, Tiziana
_925192
245 1 0 _aBlancanieves y otros cuentos de princesas
260 _aBarcelona (España),
_cMontena,
_c2000
300 _a84.p.
590 _aForma de adquisición : Premio - Mincultura
650 1 4 _aCUENTOS INFANTILES
_92743
942 _2ddc
_cBK
999 _c27237
_d27237